Loading...

Syracuse law review, volume 31,Part 1, 1980

Bibliografiske detaljer
Udgivet: Syracuse Syracuse University College of Law
LEADER 00322nam a22000977a 4500
003 OSt
245 |a Syracuse law review, volume 31,Part 1, 1980 
260 |a Syracuse  |b Syracuse University College of Law 
942 |c BJ  |6 _ 
999 |c 198025  |d 198025 
952 |0 0  |1 0  |4 0  |6 _  |7 0  |8 BPER  |9 253887  |a SLS  |b SLS  |d 2011-02-01  |p SLS017368  |r 2013-10-05  |w 2013-10-05  |y BJ